000 00961nam a2200277 i 4500
001 bg
003 BPK
005 20241108063041.0
008 040427s1975 pl a |000 0 pol
015 _aPB 8331/75
040 _aWA N
_cBPK
080 _a37
080 _a(075.8)
245 0 0 _aPedagogika :
_bpodręcznik akademicki /
_cred. Michał Godlewski, Stanisław Krawcewicz, Tadeusz Wujek.
250 _aWyd. 3.
260 _aWarszawa :
_bPaństwowe Wydawnictwo Naukowe,
_c1975.
300 _a692, [3] s. :
_bil., tab., wykr. ;
_c25 cm.
504 _aBibliogr.
655 4 _aPodręczniki akademickie
650 4 _aPedagogika
700 1 _aWujek, Tadeusz
_d(1927-2002)
_eRedakcja
700 1 _aGodlewski, Michał
_d(1917- ).
_eRedakcja
700 1 _aKrawcewicz, Stanisław
_d(1930-1987)
_eRedakcja
942 _2udc
_cKS
856 _uhttp://koha.tu.koszalin.pl/cgi-bin/koha/opac-detail.pl?biblionumber=6856
_yKatalog online BPK
999 _c6856
_d6856